[Event "Warsaw YMCA Autumn-D 223rd"]
[Site "Warsaw"]
[Date "2019.11.26"]
[Round "11"]
[White "Iller, Robert"]
[Black "Markiewicz, Janusz"]
[Result "1-0"]
[WhiteElo "1350"]
[BlackElo "1140"]
[PlyCount "97"]
[EventDate "2019.09.19"]
[EventType "tourn"]
[EventRounds "13"]
[EventCountry "POL"]
[SourceTitle "CBM 195 Extra"]
[Source "ChessBase"]
[SourceDate "2020.05.31"]
[SourceVersion "1"]
[SourceVersionDate "2020.05.31"]
[SourceQuality "1"]

1. c4 f5 2. d4 Nf6 3. g3 c6 4. Bg2 d5 5. b3 dxc4 6. bxc4 e6 7. Nf3 Bb4+ 8. Bd2 Bxd2+ 9. Nbxd2 0-0 10. 0-0 Nbd7 11. Ng5 Qe7 12. Qb3 h6 13. Ngf3 Kh8 14. Rab1 e5 15. Nh4 Qe8 16. Nxf5 exd4 17. Nxd4 Nc5 18. Qc2 Ng4 19. e4 Qh5 20. h3 Ne5 21. f4 Ned3 22. Kh2 Bd7 23. N2b3 Nb4 24. Qd1 Qxd1 25. Rbxd1 Nxb3 26. axb3 c5 27. Ne2 Bc6 28. e5 Rad8 29. Bxc6 Nxc6 30. Kg2 Rxd1 31. Rxd1 Rd8 32. Rxd8+ Nxd8 33. Kf3 g6 34. Ke4 Kg7 35. Kd5 b6 36. g4 Kf7 37. f5 gxf5 38. gxf5 Ke7 39. Nf4 Nf7 40. f6+ Ke8 41. e6 Ng5 42. h4 Nh7 43. Ke5 Nf8 44. h5 a6 45. Ng6 Nh7 46. f7+ Kd8 47. e7+ Kc7 48. e8Q b5 49. Ne7 1-0

[Event "Warsaw YMCA Autumn-D 223rd"]
[Site "Warsaw"]
[Date "2019.11.08"]
[Round "8"]
[White "Markiewicz, Janusz"]
[Black "Przybylik, Alicja"]
[Result "1-0"]
[WhiteElo "1140"]
[BlackElo "1041"]
[PlyCount "71"]
[EventDate "2019.09.19"]
[EventType "tourn"]
[EventRounds "13"]
[EventCountry "POL"]
[SourceTitle "CBM 195 Extra"]
[Source "ChessBase"]
[SourceDate "2020.05.31"]
[SourceVersion "1"]
[SourceVersionDate "2020.05.31"]
[SourceQuality "1"]

1. e4 e5 2. Nf3 Nc6 3. Bc4 h6 4. 0-0 g5 5. d4 Bd6 6. d5 Na5 7. Be2 g4 8. Ne1 h5 9. g3 Nf6 10. Bg5 Be7 11. Nd3 Nxe4 12. Bxe7 Qxe7 13. f3 gxf3 14. Bxf3 Ng5 15. Bxh5 e4 16. h4 exd3 17. Re1 Ne4 18. cxd3 Qc5+ 19. d4 Qxd5 20. Nc3 Qxh5 21. Rxe4+ Kd8 22. Qe1 d6 23. Ne2 Rg8 24. Kf2 Qf5+ 25. Nf4 b6 26. Rc1 Bb7 27. Re3 Kd7 28. Re7+ Kd8 29. Rcxc7 Bc6 30. Rxf7 Qc2+ 31. Kg1 Re8 32. Rfe7 Qf5 33. Ne6+ Qxe6 34. Qxe6 Rf8 35. Qxd6+ Bd7 36. Qxd7# 1-0

[Event "Warsaw YMCA Spring-D 216th"]
[Site "Warsaw"]
[Date "2019.06.18"]
[Round "11"]
[White "Sloniewski, Krzysztof"]
[Black "Markiewicz, Janusz"]
[Result "1-0"]
[WhiteElo "1043"]
[BlackElo "1106"]
[PlyCount "131"]
[EventDate "2019.04.09"]
[EventType "tourn"]
[EventRounds "11"]
[EventCountry "POL"]
[SourceTitle "CBM 195 Extra"]
[Source "ChessBase"]
[SourceDate "2020.05.31"]
[SourceVersion "1"]
[SourceVersionDate "2020.05.31"]
[SourceQuality "1"]

1. e4 e5 2. Nf3 d5 3. d3 Bg4 4. Be2 Bd6 5. exd5 Nf6 6. c4 e4 7. Nd4 Bxe2 8. Nxe2 exd3 9. Qxd3 0-0 10. 0-0 Ng4 11. Bf4 Bxf4 12. Nxf4 Ne5 13. Qc3 Qg5 14. Nh3 Qf5 15. b3 Nbd7 16. Nd2 Rfe8 17. f3 b6 18. Ne4 h6 19. Ng3 Qh7 20. Rae1 f6 21. Ne4 f5 22. Nef2 g5 23. Nd3 Nxd3 24. Rxe8+ Rxe8 25. Qxd3 Nc5 26. Qd2 Qe7 27. Kf2 Nd7 28. Re1 Qc5+ 29. Kf1 Rxe1+ 30. Kxe1 g4 31. fxg4 fxg4 32. Nf2 Qe7+ 33. Qe2 Qxe2+ 34. Kxe2 h5 35. Ke3 Kf7 36. Kf4 Kf6 37. Ne4+ Kg6 38. h3 gxh3 39. gxh3 a6 40. b4 Nf8 41. h4 Nd7 42. a4 Nf8 43. Ke5 Nd7+ 44. Ke6 Nf8+ 45. Ke5 Nd7+ 46. Kf4 b5 47. axb5 axb5 48. c5 Nb8 49. d6 cxd6 50. cxd6 Kf7 51. Ke5 Nc6+ 52. Kd5 Nxb4+ 53. Kc5 Nd3+ 54. Kb6 Ke6 55. Kc6 Ne5+ 56. Kc7 Kf5 57. Nc5 Kg4 58. Nd3 Nf7 59. d7 Kf5 60. Nc5 Kf6 61. Ne4+ Ke7 62. Ng5 Nd8 63. Ne4 Ne6+ 64. Kc8 Kf8 65. Ng5 Nxg5 66. d8Q+ 1-0

[Event "Warsaw YMCA Spring-D 216th"]
[Site "Warsaw"]
[Date "2019.05.15"]
[Round "6"]
[White "Przybylik, Alicja"]
[Black "Markiewicz, Janusz"]
[Result "1/2-1/2"]
[WhiteElo "1009"]
[BlackElo "1106"]
[PlyCount "86"]
[EventDate "2019.04.09"]
[EventType "tourn"]
[EventRounds "11"]
[EventCountry "POL"]
[SourceTitle "CBM 195 Extra"]
[Source "ChessBase"]
[SourceDate "2020.05.31"]
[SourceVersion "1"]
[SourceVersionDate "2020.05.31"]
[SourceQuality "1"]

1. e4 e5 2. Nf3 d5 3. Nc3 d4 4. Nd5 c6 5. Bc4 cxd5 6. Bxd5 Qc7 7. Ng5 Nh6 8. Qf3 Be6 9. Nxe6 fxe6 10. Bxe6 Qe7 11. Qh5+ g6 12. Qxe5 Bg7 13. Qb5+ Nc6 14. Bd5 Rc8 15. d3 Qb4+ 16. Qxb4 Nxb4 17. 0-0 Nxd5 18. exd5 Rxc2 19. Re1+ Kd7 20. Bg5 Nf5 21. g4 h6 22. gxf5 hxg5 23. fxg6 Rxb2 24. Rab1 Rxb1 25. Rxb1 b6 26. Re1 Rh3 27. Rd1 Kd6 28. Kg2 Rh6 29. Re1 Rxg6 30. Kf3 Kxd5 31. Kg4 Rh6 32. Re7 Bf6 33. Rf7 Ke6 34. Rxa7 Rxh2 35. f4 Rh4+ 36. Kg3 gxf4+ 37. Kf3 Kf5 38. Rb7 Rh3+ 39. Ke2 Rh2+ 40. Kf3 Rxa2 41. Rxb6 Rd2 42. Rb5+ Be5 43. Rb2 Rxb2 1/2-1/2

[Event "Warsaw YMCA Spring-D 216th"]
[Site "Warsaw"]
[Date "2019.04.30"]
[Round "4"]
[White "Szopa, Andrzej1111"]
[Black "Markiewicz, Janusz"]
[Result "0-1"]
[WhiteElo "1051"]
[BlackElo "1106"]
[PlyCount "62"]
[EventDate "2019.04.09"]
[EventType "tourn"]
[EventRounds "11"]
[EventCountry "POL"]
[SourceTitle "CBM 195 Extra"]
[Source "ChessBase"]
[SourceDate "2020.05.31"]
[SourceVersion "1"]
[SourceVersionDate "2020.05.31"]
[SourceQuality "1"]

1. e4 e5 2. Nf3 d5 3. exd5 e4 4. Qe2 Nf6 5. Ng5 Qxd5 6. Qb5+ c6 7. Qxd5 cxd5 8. Bb5+ Nbd7 9. d4 a6 10. Ba4 h6 11. Nh3 b5 12. Bb3 Nb6 13. Nf4 g5 14. Ne2 a5 15. a4 b4 16. c3 Ba6 17. h3 0-0-0 18. Be3 Nfd7 19. Nd2 f5 20. f3 f4 21. Bf2 e3 22. Nf1 exf2+ 23. Kxf2 Re8 24. Bd1 Rh7 25. Rc1 Kb7 26. Nh2 Rhe7 27. Re1 bxc3 28. bxc3 Nc4 29. Ng4 Kc7 30. Bb3 Nb2 31. Ng1 Nd3+ 0-1

[Event "Warsaw YMCA Spring-D 216th"]
[Site "Warsaw"]
[Date "2019.04.09"]
[Round "1"]
[White "Markiewicz, Janusz"]
[Black "Oles, Jan"]
[Result "0-1"]
[WhiteElo "1106"]
[BlackElo "1226"]
[PlyCount "84"]
[EventDate "2019.04.09"]
[EventType "tourn"]
[EventRounds "11"]
[EventCountry "POL"]
[SourceTitle "CBM 195 Extra"]
[Source "ChessBase"]
[SourceDate "2020.05.31"]
[SourceVersion "1"]
[SourceVersionDate "2020.05.31"]
[SourceQuality "1"]

1. e4 e5 2. Nf3 d6 3. Bc4 Be7 4. Nc3 c6 5. d4 exd4 6. Nxd4 Nf6 7. Nf5 Bxf5 8. exf5 d5 9. Bb3 0-0 10. 0-0 b5 11. a3 a5 12. Bf4 Na6 13. h3 Nc5 14. Ba2 Nce4 15. Ne2 Bc5 16. Be3 Bxe3 17. fxe3 Qb6 18. Qd3 Rae8 19. Nd4 Nc5 20. Qe2 Nfe4 21. Rf3 Ng5 22. Rf4 Qc7 23. Raf1 Nce4 24. Qg4 h6 25. h4 Nh7 26. f6 g6 27. Nf5 h5 28. Nh6+ Kh8 29. Qd1 Nexf6 30. Rxf6 Nxf6 31. Rxf6 Kg7 32. Rxf7+ Rxf7 33. Nxf7 Qxf7 34. Qd4+ Kh7 35. Qc5 Rf8 36. Qxc6 Qf2+ 37. Kh2 Qxh4+ 38. Kg1 Qe1+ 39. Kh2 Rf1 40. Qc7+ Kh6 41. g3 Qf2+ 42. Kh3 Rh1# 0-1

[Event "Warsaw YMCA Winter-D 212th"]
[Site "Warsaw"]
[Date "2019.01.23"]
[Round "7"]
[White "Flig, Wojciech"]
[Black "Markiewicz, Janusz"]
[Result "1-0"]
[WhiteElo "1295"]
[BlackElo "1123"]
[PlyCount "135"]
[EventDate "2019.01.08"]
[EventType "tourn"]
[EventRounds "13"]
[EventCountry "POL"]
[SourceTitle "EXT 2021"]
[Source "ChessBase"]
[SourceDate "2020.10.23"]
[SourceVersion "1"]
[SourceVersionDate "2020.10.23"]
[SourceQuality "1"]

1. e4 e5 2. Nf3 Nc6 3. Nc3 Bc5 4. Bc4 Nf6 5. Na4 Nxe4 6. Nxc5 Nxc5 7. d4 d5 8. Bb5 exd4 9. Nxd4 0-0 10. Nxc6 bxc6 11. Bxc6 Rb8 12. Qxd5 Qe7+ 13. Be3 Ne6 14. b3 Rd8 15. Qe4 Rb4 16. c4 Qf6 17. 0-0 Ng5 18. Bxg5 Qxg5 19. Rad1 Rf8 20. Rd5 Qf6 21. Ra5 Rb6 22. Bd5 c6 23. Rxa7 cxd5 24. Qxd5 Be6 25. Qd2 Rd8 26. Qa5 Rbd6 27. c5 Rd5 28. Ra8 h6 29. Rxd8+ Rxd8 30. b4 Bc4 31. Re1 Rd2 32. Qa8+ Kh7 33. Qe4+ g6 34. f3 Qg5 35. f4 Qg4 36. h3 Qe6 37. Qxe6 Bxe6 38. a3 Bd5 39. g4 Rg2+ 40. Kf1 Rg3 41. a4 Rf3+ 42. Kg1 Rxf4 43. Rb1 Rc4 44. Kf2 Kg7 45. Rd1 Be6 46. Rb1 Kf8 47. a5 Bc8 48. Ke3 Rc3+ 49. Kd4 Rxh3 50. b5 Ra3 51. a6 Bxg4 52. c6 Ke7 53. Kc5 Kd8 54. Kb6 Kc8 55. Re1 Be6 56. c7 Bd7 57. a7 f5 58. Re7 Rxa7 59. Kxa7 Bxb5 60. Kb6 Ba4 61. Rh7 Be8 62. Rxh6 f4 63. Rh8 Kd7 64. Rxe8 Kxe8 65. c8Q+ Kf7 66. Qg4 Kf6 67. Qxf4+ Kg7 68. Kc6 1-0

[Event "Warsaw YMCA Winter-D 212th"]
[Site "Warsaw"]
[Date "2019.01.22"]
[Round "3"]
[White "Zhydachevskyy, Yulian"]
[Black "Markiewicz, Janusz"]
[Result "1-0"]
[WhiteElo "1270"]
[BlackElo "1123"]
[PlyCount "147"]
[EventDate "2019.01.08"]
[EventType "tourn"]
[EventRounds "13"]
[EventCountry "POL"]
[SourceTitle "EXT 2021"]
[Source "ChessBase"]
[SourceDate "2020.10.23"]
[SourceVersion "1"]
[SourceVersionDate "2020.10.23"]
[SourceQuality "1"]

1. d4 e5 2. c3 e4 3. Bf4 d5 4. e3 Bd6 5. Bg3 Bxg3 6. hxg3 Nf6 7. Nh3 Bg4 8. Be2 Bxh3 9. gxh3 Nbd7 10. Nd2 c5 11. Bb5 c4 12. b3 Qa5 13. Bxd7+ Nxd7 14. b4 Qa3 15. Qc2 0-0 16. Nb1 Qa6 17. a4 Qf6 18. a5 b5 19. Nd2 a6 20. Nf1 Qf3 21. Rg1 Qh5 22. h4 Nf6 23. Nh2 Ng4 24. Nxg4 Qxg4 25. Qe2 Qxe2+ 26. Kxe2 f5 27. Raf1 Ra7 28. f3 Raf7 29. fxe4 fxe4 30. Rf4 Rxf4 31. gxf4 Rf5 32. Rg5 Rxg5 33. hxg5 g6 34. Kf2 Kg7 35. Kg3 Kf7 36. Kh4 Ke7 37. Kh3 Kf7 38. Kg4 Ke6 39. Kg3 Kf7 40. Kg4 Ke6 41. f5+ gxf5+ 42. Kf4 Kf7 43. Kxf5 Kg7 44. Ke5 Kg6 45. Kxd5 Kxg5 46. Kxe4 h5 47. Kf3 h4 48. e4 h3 49. Kg3 h2 50. Kxh2 Kf4 51. e5 Ke4 52. e6 Kd3 53. e7 Kxc3 54. e8Q Kxd4 55. Qc6 Kc3 56. Qxa6 Kxb4 57. Qb6 c3 58. a6 c2 59. Qc7 Kb3 60. a7 Kb2 61. Qxc2+ Kxc2 62. a8Q b4 63. Qa4+ b3 64. Qc4+ Kb2 65. Kg2 Ka3 66. Qa6+ Kb2 67. Kf2 Kc2 68. Qc4+ Kb2 69. Ke2 Ka3 70. Kd2 b2 71. Qa6+ Kb3 72. Qb5+ Ka3 73. Kc2 b1N 74. Qxb1 1-0

[Event "Warsaw YMCA Autumn-D 208th"]
[Site "Warsaw"]
[Date "2018.09.18"]
[Round "1"]
[White "Jaroszuk, Marcin"]
[Black "Markiewicz, Janusz"]
[Result "1-0"]
[WhiteElo "1341"]
[BlackElo "1170"]
[PlyCount "39"]
[EventDate "2018.09.18"]
[EventType "tourn"]
[EventRounds "13"]
[EventCountry "POL"]
[SourceTitle "EXT 2021"]
[Source "ChessBase"]
[SourceDate "2020.10.23"]
[SourceVersion "1"]
[SourceVersionDate "2020.10.23"]
[SourceQuality "1"]

1. Nf3 Nf6 2. g3 c6 3. Bg2 Qc7 4. d4 d6 5. 0-0 e5 6. dxe5 dxe5 7. c4 e4 8. Nd4 Bd6 9. Nc3 Qe7 10. Bg5 c5 11. Bxf6 Qxf6 12. Nxe4 Qd8 13. Nxd6+ Qxd6 14. Nb5 Qxd1 15. Raxd1 Na6 16. Nd6+ Ke7 17. Nxc8+ Kf6 18. Bxb7 Rhxc8 19. Bxa8 Rxa8 20. Rd6+ 1-0

[Event "Warsaw YMCA Summer-C 204th"]
[Site "Warsaw"]
[Date "2018.07.03"]
[Round "1"]
[White "Markiewicz, Janusz"]
[Black "Oles, Jan"]
[Result "0-1"]
[WhiteElo "1178"]
[BlackElo "1209"]
[PlyCount "56"]
[EventDate "2018.07.03"]
[EventType "tourn"]
[EventRounds "10"]
[EventCountry "POL"]
[SourceTitle "EXT 2021"]
[Source "ChessBase"]
[SourceDate "2020.10.23"]
[SourceVersion "1"]
[SourceVersionDate "2020.10.23"]
[SourceQuality "1"]

1. e4 e5 2. Nf3 d6 3. Bc4 h6 4. Nc3 c6 5. d4 exd4 6. Qxd4 Bg4 7. Bf4 Bxf3 8. gxf3 Qf6 9. Qe3 Nd7 10. 0-0-0 Ne5 11. Bb3 Nxf3 12. Qxf3 g5 13. Ne2 Bg7 14. e5 dxe5 15. Qg4 exf4 16. Qd7+ Kf8 17. Qxb7 Qxb2+ 18. Kd2 Rd8+ 19. Ke1 Bc3+ 20. Nxc3 Qxc3+ 21. Kf1 Rxd1+ 22. Kg2 f3+ 23. Kh3 g4+ 24. Kg3 Qe5+ 25. Kh4 Qf6+ 26. Kg3 Rxh1 27. Qc8+ Kg7 28. Qxg4+ Qg5 0-1

[Event "Warsaw YMCA Spring-D 185th"]
[Site "Warsaw"]
[Date "2017.05.23"]
[Round "9"]
[White "Majek, Kacper"]
[Black "Markiewicz, Janusz"]
[Result "1-0"]
[WhiteElo "1377"]
[BlackElo "1229"]
[PlyCount "93"]
[EventDate "2017.04.06"]
[EventType "tourn"]
[EventRounds "13"]
[EventCountry "POL"]
[SourceTitle "EXT 2019"]
[Source "ChessBase"]
[SourceDate "2018.10.10"]
[SourceVersion "1"]
[SourceVersionDate "2018.10.10"]
[SourceQuality "1"]

1. e4 e5 2. Bc4 Nf6 3. d4 d5 4. exd5 exd4 5. Qxd4 b6 6. Bb5+ Nbd7 7. Bc6 Rb8 8. Nf3 Bc5 9. Qe5+ Kf8 10. Qe2 Qe7 11. Qxe7+ Kxe7 12. 0-0 Re8 13. c4 Kf8 14. Nc3 a6 15. Bf4 Bd6 16. Bxd6+ cxd6 17. b4 Re7 18. a4 Ne5 19. Nxe5 Rxe5 20. Rfe1 Rxe1+ 21. Rxe1 Bf5 22. Re3 Ng4 23. Rf3 Bg6 24. Rf4 Ne5 25. Rd4 f6 26. Ne4 Nxc6 27. dxc6 Re8 28. f3 Bxe4 29. fxe4 Ke7 30. Kf2 Rc8 31. b5 a5 32. g4 g5 33. Rd5 Rc7 34. h4 h6 35. Ke3 Ke6 36. Rd1 Rg7 37. Rh1 gxh4 38. Rxh4 Rh7 39. Rh5 Rh8 40. Rd5 Rh7 41. Kf4 Rh8 42. Kg3 Rh7 43. Kh4 Rg7 44. Kh5 Rg5+ 45. Rxg5 hxg5 46. Kg6 Ke7 47. Kf5 1-0

[Event "Warsaw YMCA Spring-D 185th"]
[Site "Warsaw"]
[Date "2017.04.21"]
[Round "3"]
[White "Markiewicz, Janusz"]
[Black "Oles, Jan"]
[Result "1-0"]
[WhiteElo "1229"]
[BlackElo "1249"]
[PlyCount "109"]
[EventDate "2017.04.06"]
[EventType "tourn"]
[EventRounds "13"]
[EventCountry "POL"]
[SourceTitle "EXT 2019"]
[Source "ChessBase"]
[SourceDate "2018.10.10"]
[SourceVersion "1"]
[SourceVersionDate "2018.10.10"]
[SourceQuality "1"]

1. e4 c5 2. b4 cxb4 3. d4 d5 4. e5 Nc6 5. Bb5 Bd7 6. Bxc6 Bxc6 7. e6 fxe6 8. Qh5+ g6 9. Qe5 Nf6 10. Qxe6 Qd6 11. Qxd6 exd6 12. Nf3 Bb5 13. a4 Ba6 14. Bd2 Rc8 15. Kd1 Ne4 16. Re1 Be7 17. Bxb4 Nxf2+ 18. Kd2 Ne4+ 19. Kd1 0-0 20. Na3 g5 21. Nb5 g4 22. Ne5 Rf2 23. Nxg4 Rxg2 24. Nh6+ Kh8 25. Nf7+ Kg7 26. Nfxd6 Rcxc2 27. Nf5+ Kh8 28. Nxe7 Bxb5 29. axb5 Nd6 30. Nxd5 Nc4 31. Re8+ Kg7 32. Bc3 Rxc3 33. Nxc3 Nb2+ 34. Kc1 Nd3+ 35. Kd1 Nb2+ 36. Ke1 Rg1+ 37. Ke2 Rxa1 38. Re7+ Kg6 39. Rxb7 h5 40. d5 Nc4 41. Rc7 Ne5 42. d6 Kf6 43. Rh7 Nf7 44. d7 Nd8 45. Rxh5 Ne6 46. Rh6+ Ke7 47. Rxe6+ Kxd7 48. Ra6 Rh1 49. Rxa7+ Kd6 50. Rh7 Kc5 51. Kd3 Rc1 52. Rc7+ Kd6 53. b6 Rh1 54. Rh7 Kc6 55. b7 1-0

[Event "Warsaw YMCA Winter-D 182nd"]
[Site "Warsaw"]
[Date "2017.01.24"]
[Round "3"]
[White "Szopa, Andrzej"]
[Black "Markiewicz, Janusz"]
[Result "0-1"]
[WhiteElo "1168"]
[BlackElo "1259"]
[PlyCount "168"]
[EventDate "2017.01.10"]
[EventType "tourn"]
[EventRounds "13"]
[EventCountry "POL"]
[SourceTitle "EXT 2019"]
[Source "ChessBase"]
[SourceDate "2018.10.10"]
[SourceVersion "1"]
[SourceVersionDate "2018.10.10"]
[SourceQuality "1"]

1. c4 f5 2. d4 Nf6 3. Nc3 e6 4. a3 Ne4 5. Nxe4 fxe4 6. d5 Qf6 7. Qc2 exd5 8. cxd5 Qe5 9. Bd2 c5 10. Qb3 Bd6 11. Bc3 Qg5 12. Qc4 Qg6 13. b4 b6 14. bxc5 bxc5 15. e3 Ba6 16. Qb3 c4 17. Qb2 0-0 18. Ne2 Qf7 19. Ng3 Bxg3 20. hxg3 d6 21. Rd1 Nd7 22. Rd2 Nc5 23. Bb4 Rab8 24. Rh4 Nd3+ 25. Bxd3 exd3 26. Qd4 c3 27. Qxc3 Rfc8 28. Qb2 Qxd5 29. f3 Qg5 30. Kf2 h5 31. Qd4 Rc4 32. Qxd6 Re8 33. f4 Qb5 34. Qxd3 Rxb4 35. Qd5+ Qxd5 36. Rxd5 Rb3 37. Kg1 Be2 38. Rdxh5 Rb1+ 39. Kh2 Bxh5 40. Rxh5 Rxe3 41. Ra5 Rb7 42. f5 Re4 43. Kh3 Kf7 44. g4 Kf6 45. Kh4 g5+ 46. Kh3 Rh7+ 47. Kg3 Re3+ 48. Kf2 Rhe7 49. Ra6+ Kf7 50. f6 R7e6 51. Rxa7+ Kxf6 52. Ra8 Rb3 53. Ra5 Rc6 54. Rf5+ Kg6 55. a4 Rc2+ 56. Kg1 Rb1+ 57. Kh2 Rb4 58. Ra5 Rxg4 59. Kh3 Kh5 60. Ra8 Rh4+ 61. Kg3 Rc3+ 62. Kf2 Rf4+ 63. Kg1 Kg4 64. Kh2 Rc6 65. a5 Rh6+ 66. Kg1 Kg3 67. Rb8 Rff6 68. Rb3+ Kg4 69. Rb4+ Kh5 70. g3 Ra6 71. Ra4 Rhc6 72. Kg2 g4 73. Kf2 Rc5 74. Rb4 Raxa5 75. Rb8 Ra6 76. Rh8+ Rh6 77. Rf8 Kg5 78. Rg8+ Rg6 79. Re8 Rc2+ 80. Ke3 Rc3+ 81. Kd4 Rxg3 82. Re5+ Kf6 83. Ke4 Re3+ 84. Kxe3 Kxe5 0-1

[Event "Warsaw YMCA Autumn-E 178th"]
[Site "Warsaw"]
[Date "2016.11.14"]
[Round "9"]
[White "Markiewicz, Janusz"]
[Black "Oles, Jan"]
[Result "1-0"]
[WhiteElo "1227"]
[BlackElo "1208"]
[PlyCount "165"]
[EventDate "2016.09.19"]
[EventType "tourn"]
[EventRounds "13"]
[EventCountry "POL"]
[SourceTitle "EXT 2019"]
[Source "ChessBase"]
[SourceDate "2018.10.10"]
[SourceVersion "1"]
[SourceVersionDate "2018.10.10"]
[SourceQuality "1"]

1. e4 Nc6 2. Nf3 e5 3. Bc4 h6 4. 0-0 Bc5 5. b4 Bd6 6. c3 g5 7. Bb2 Qe7 8. a4 g4 9. Ne1 h5 10. b5 Nd8 11. Ba2 Nf6 12. Qc2 b6 13. d3 h4 14. Nd2 Nh5 15. Nc4 Nf4 16. Ne3 Qg5 17. Nf5 Bf8 18. Bc1 d6 19. Bd5 Rb8 20. Bxf4 exf4 21. Nd4 g3 22. Nef3 Qg6 23. e5 h3 24. fxg3 hxg2 25. Rf2 fxg3 26. Rxg2 gxh2+ 27. Nxh2 Rxh2 28. Kxh2 Qh6+ 29. Kg1 dxe5 30. Qe2 f6 31. Nc6 Nxc6 32. Bxc6+ Kf7 33. d4 Bd6 34. Re1 Bh3 35. Bd5+ Ke7 36. dxe5 Bc5+ 37. Kf1 Qf4+ 38. Qf3 Bxg2+ 39. Kxg2 Qg5+ 40. Kf1 f5 41. Ke2 Rh8 42. Kd1 Rh2 43. Re2 Rh4 44. Kc2 Rxa4 45. Kd3 Rg4 46. Kc2 Ba3 47. Qh1 Qg6 48. Kb3 Rg1 49. Qh4+ Kd7 50. Bc6+ Ke6 51. Qc4+ Ke7 52. Kxa3 Rg4 53. Qd5 Rg3 54. Qd7+ Kf8 55. Kb3 f4 56. Be4 Qf7+ 57. Qxf7+ Kxf7 58. Rf2 Ke6 59. Rxf4 Kxe5 60. Rh4 Rg1 61. Kc4 Ra1 62. Kb3 Ra5 63. Bc6 Ra1 64. Rh7 Kd6 65. Rd7+ Ke6 66. Rxc7 a5 67. Kb2 Ra4 68. Rb7 Kd6 69. Rxb6 Kc5 70. Rb8 Rf4 71. Ra8 Kb6 72. Ra6+ Kc5 73. Rxa5 Kb6 74. Ra8 Rh4 75. Kb3 Rf4 76. c4 Kc5 77. Bd5 Kb6 78. Kb4 Rf1 79. c5+ Kc7 80. b6+ Kd7 81. c6+ Kd6 82. Rd8+ Ke7 83. c7 1-0